| 000 | 00669nam a2200241 a 4500 | ||
|---|---|---|---|
| 001 | 67859 | ||
| 003 | BD-RjUL | ||
| 005 | 20211209081712.0 | ||
| 008 | 170329s2000 ii a|||| |||| 001 0 eng d | ||
| 020 | _a8170352274 | ||
| 035 | _a(BD-RjUL)68068 | ||
| 040 |
_aBD-RjUL _beng _cBD-RjUL _dBD-RjUL |
||
| 041 | _aeng | ||
| 082 |
_223 _a596 _bYAV 2000 |
||
| 100 | 1 |
_aYadav, B. N. _9201162 |
|
| 245 | 1 | 0 |
_aVertebrate zoology and evolution / _cB N Yadav; D Kumar |
| 260 |
_aNew Delhi : _bDaya Publishing house, _c2000 |
||
| 300 |
_av, 346 p. : _bill. ; _c23 cm. |
||
| 500 | _aIncludes index | ||
| 650 |
_aVertebrates _9201163 |
||
| 700 |
_a Kumar, D _9201164 |
||
| 942 |
_2ddc _cBK |
||
| 999 |
_c67859 _d67859 |
||